Loading...
| Religion | 0 | 3 | 1 | 1 | 25 | 122 | 126.67 | 0 | 0 | 0.86 | 3.96 |
| History - American | 0 | 2 | 0 | 0 | 20 | 114 | 125.50 | 0 | 0 | 0.51 | 5.46 |
| Mythology | 0 | 2 | 0 | 0 | 20 | 99 | 117.00 | 0 | 0 | 2.79 | 11.33 |
| Literature - World | 0 | 1 | 0 | 0 | 10 | 128 | 128.00 | 0 | 0 | 0.90 | 3.76 |
| Science - Physics | 0 | 1 | 0 | 0 | 10 | 122 | 122.00 | 0 | 0 | 0.05 | 3.68 |
| History - Other | 0 | 1 | 0 | 0 | 10 | 101 | 101.00 | 0 | 0 | 1.38 | 3.43 |
| Literature - European | 0 | 1 | 0 | 0 | 10 | 112 | 112.00 | 0 | 0 | 1.43 | 4.41 |
| Science - Biology | 0 | 1 | 0 | 1 | 10 | 126 | 126.00 | 0 | 0 | -0.05 | 2.70 |
| Science - Chemistry | 0 | 1 | 0 | 0 | 10 | 135 | 135.00 | 0 | 0 | 0.00 | 0.74 |
| Science - Other | 0 | 1 | 1 | 0 | 5 | 108 | 108.00 | 0 | 0 | 1.53 | 3.19 |
| Literature - American | 0 | 0 | 0 | 0 | 0 | 0.00 | 0 | 0 | 0.00 | 0.00 | |
| Philosophy | 0 | 0 | 0 | 0 | 0 | 0.00 | 0 | 0 | 0.00 | 0.00 |